000 00241nam a2200097Ia 4500
001 680157
005 20250826161336.0
008 250824s9999 xx 000 0 und d
245 0 _aSAHNE KORKUSU
_cJUDY DELTON
260 _bGÜNIŞIĞI KİTAPLIĞI
999 _c680157
_d680157